Tráfico de mulheres, criancas e adolescentes para fins de exploracao sexual comercial e a seguranca social /

Salvato in:
Dettagli Bibliografici
Autore principale: Pereira da Silva, Welinton
Natura: testo
Soggetti:
Tags: Aggiungi Tag
Nessun Tag, puoi essere il primo ad aggiungerne!!

MARC

LEADER 00000 a a2200000 04500
001 16382
003
040
100 |a Pereira da Silva, Welinton  
245 |a Tráfico de mulheres, criancas e adolescentes para fins de exploracao sexual comercial e a seguranca social /  |c Welinton Pereira da Silva 
650 |a MUJERES  
650 |a NIÑOS  
650 |a ABUSO SEXUAL  
650 |a PROSTITUCION  
650 |a TRAFICO  
650 |a DESIGUALDAD SOCIAL  
650 |a MARGINALIDAD  
650 |a CONSECUENCIAS SOCIALES  
650 |a GRUPOS VULNERABLES  
650 |a ASPECTOS JURIDICOS  
650 |a PROGRAMAS GUBERNAMENTALES  
650 |a ORGANIZACIONES NO GUBERNAMENTALES  
650 |a ESTADISTICAS DEMOGRAFICAS  
773 |g número 38; páginas 349-420  
999 |c 33611  |d 33611